00279nam a22001217a 4500020001800000040000900018082001700027100001500044245001800059250001600077260004600093650001800139 a9788178080161 cNust a621.395bBHA aJ. Bhasker aA VHDL Primer a3rd Edition aNew Delhi:bPearson Education Inc,c2004. aA VHDL Primer